Państwa w dorzeczu Amazonki - nagła śmierć - Statystyki

Ogólne statystyki
  • Ten quiz został rozwiązany 27 razy
  • Średni wynik to 5 z 8
Answers on the Grid
Answers color-coded by a green-red scale on the quiz's grid according to % correct below.
Boliwia
Brazylia
Kolumbia
Peru
Surinam
Wenezuela
Gujana
Ekwador
Argentyna
Urugwaj
Paragwaj
Chile
 
Statystyki odpowiedzi
Odpowiedź % Poprawnych
Brazylia
94%
Boliwia
65%
Kolumbia
65%
Peru
65%
Ekwador
47%
Wenezuela
47%
Gujana
41%
Surinam
41%
Nie znaleziono quizów pasujących do podanych kryteriów
Rozkład punktacji
Procent ludzi z każdym wynikiem
Percentyl według liczby udzielonych odpowiedzi
Twoja historia wyników
Nie rozwiązałeś tego quizu